[Event "Corsica Masters 2011"]
[Site "Bastia FRA"]
[Date "2011.10.22"]
[Round "1.3"]
[White "Eid, Maha"]
[Black "Mamedov, Rauf"]
[Result "0-1"]
[BlackTitle "GM"]
[WhiteElo "2081"]
[BlackElo "2660"]
[WhiteFideId "699624"]
[BlackFideId "13401653"]
[EventDate "2011.10.22"]

1. d4 d6 2. c4 e5 3. Nc3 exd4 4. Qxd4 Nc6 5. Qd1 g6 6. b3 Bg7 7. Bb2 Nf6 8. e3
O-O 9. Be2 Ne4 10. Rc1 Qh4 11. g3 Qf6 12. Bf3 Nc5 13. Na4 Ne5 14. Nxc5 Nxf3+ 15.
Nxf3 Qxb2 16. Na4 Qxa2 17. O-O Bg4 18. Kg2 Qa3 19. h3 Bd7 20. Nd4 Bc6+ 21. Kh2
Bxd4 22. exd4 Bxa4 23. bxa4 Rfe8 24. Ra1 Qc3 25. Rc1 Qa5 26. Qf3 c6 27. Qb3 Re7
28. Rc3 Rae8 29. Kg2 Qf5 30. Qc2 Qf6 31. Qd1 Re4 32. Rd3 b6 33. Qf3 Qxf3+ 34.
Kxf3 Re2 35. c5 bxc5 36. dxc5 d5 37. Rb3 Rc2 38. Rb7 a5 0-1

[Event "Corsica Masters 2011"]
[Site "Bastia FRA"]
[Date "2011.10.22"]
[Round "1.4"]
[White "Cheparinov, Ivan"]
[Black "Loewe, Lennard"]
[Result "1/2-1/2"]
[WhiteTitle "GM"]
[WhiteElo "2650"]
[BlackElo "2077"]
[WhiteFideId "2905540"]
[BlackFideId "24653268"]
[EventDate "2011.10.22"]

1. e4 c5 2. Nf3 d6 3. d4 cxd4 4. Nxd4 Nf6 5. Nc3 a6 6. Be3 e6 7. f3 b5 8. Qd2
Nbd7 9. O-O-O Bb7 10. g4 Nb6 11. Bd3 Rc8 12. Kb1 Nfd7 13. Qe1 Nc5 14. h4 Qc7 15.
g5 b4 16. Nce2 d5 17. e5 Nc4 18. Bxc4 dxc4 19. Qxb4 Bd5 20. Nf4 Rb8 21. Nxd5
exd5 22. Qa3 Qd7 23. Qa5 Na4 24. Nb3 cxb3 25. axb3 Nc5 26. Bxc5 Rb5 27. Qxa6
Rxc5 28. Qa8+ Rc8 29. Qxd5 Qxd5 30. Rxd5 Bc5 31. c3 Ke7 32. b4 Be3 33. Re1 Bf2
34. Re4 Rhd8 35. Rb5 Rb8 36. Rxb8 Rxb8 37. Kc2 Ke6 38. Kd3 Rb5 39. Ke2 Bg3 40.
f4 Kf5 41. Kf3 Bxh4 42. Rd4 Rb7 43. Rd1 f6 44. gxf6 g5 45. fxg5 Bxg5 46. Re1 h5
47. Re2 h4 48. Re1 Bd2 49. Re2 Bg5 50. Re1 Bd2 51. Re4 Bg5 52. Re2 Bc1 53. f7
Rxf7 54. e6 Rh7 55. c4 Re7 56. b5 h3 57. Kg3 Rxe6 58. Rxe6 Kxe6 59. b3 Kd6 60.
Kxh3 Kc5 61. Kg4 Bd2 1/2-1/2

[Event "Corsica Masters 2011"]
[Site "Bastia FRA"]
[Date "2011.10.22"]
[Round "1.6"]
[White "Melkumyan, Hrant"]
[Black "Kossobudzki, Robert"]
[Result "1-0"]
[WhiteTitle "GM"]
[WhiteElo "2619"]
[BlackElo "2069"]
[WhiteFideId "13302485"]
[BlackFideId "1107887"]
[EventDate "2011.10.22"]

1. Nf3 b5 2. e4 Bb7 3. Bxb5 Bxe4 4. O-O Nf6 5. d4 e6 6. c4 Be7 7. Nc3 Bb7 8. d5
O-O 9. Re1 Ne8 10. Ba4 Na6 11. Bc2 Bf6 12. a3 Nd6 13. Qd3 g6 14. b4 exd5 15.
cxd5 Nf5 16. Bf4 d6 17. Rad1 Nb8 18. Qd2 Nd7 19. Bxf5 gxf5 20. Nd4 Bxd4 21. Qxd4
Qf6 22. Nb5 Qxd4 23. Rxd4 Nb6 24. Nxc7 Rac8 25. Bxd6 Rfd8 26. Bf4 Rd7 27. d6 Kg7
28. Rd3 f6 29. Ne6+ Kf7 30. Nc5 Rcd8 31. Nxd7 Rxd7 32. Rh3 Kg6 33. Rg3+ Kf7 34.
Bh6 Bc8 1-0

[Event "Corsica Masters 2011"]
[Site "Bastia FRA"]
[Date "2011.10.22"]
[Round "1.7"]
[White "Picard, Remi"]
[Black "Grigoryan, Avetik"]
[Result "0-1"]
[BlackTitle "GM"]
[WhiteElo "2054"]
[BlackElo "2614"]
[WhiteFideId "652890"]
[BlackFideId "13302191"]
[EventDate "2011.10.22"]

1. e4 c5 2. c3 d6 3. d4 Nf6 4. Bd3 g6 5. h3 Bg7 6. Nf3 O-O 7. O-O Nfd7 8. Be3
Nc6 9. d5 Nce5 10. Nxe5 Nxe5 11. f4 Nxd3 12. Qxd3 Rb8 13. f5 b5 14. Qd2 b4 15.
Bh6 bxc3 16. bxc3 Ba6 17. Bxg7 Kxg7 18. c4 Qb6 19. Qc3+ f6 20. Rf3 Qb2 21. Qxb2
Rxb2 22. Ra3 Bxc4 23. Rxa7 Kf7 24. fxg6+ hxg6 25. Nc3 Rfb8 26. Kh2 Rc2 27. Nd1
Bd3 28. Ra4 Rb4 29. Rxb4 cxb4 0-1

[Event "Corsica Masters 2011"]
[Site "Bastia FRA"]
[Date "2011.10.22"]
[Round "1.8"]
[White "Tregubov, Pavel V."]
[Black "Meller, Piotr"]
[Result "1-0"]
[WhiteTitle "GM"]
[WhiteElo "2602"]
[BlackElo "2047"]
[WhiteFideId "4115341"]
[BlackFideId "1179551"]
[EventDate "2011.10.22"]

1. d4 Nf6 2. c4 g6 3. g3 c6 4. Bg2 d5 5. Nf3 Bg7 6. O-O O-O 7. Qb3 Nbd7 8. cxd5
cxd5 9. Nc3 Nb6 10. Bf4 Bd7 11. Ne5 Be6 12. a4 a5 13. Rfd1 Rc8 14. Qb5 Nc4 15.
Nxc4 Rxc4 16. Qxb7 Rb4 17. Qa7 Rxb2 18. Rab1 Rxb1 19. Rxb1 Ne4 20. Rb8 Bc8 21.
Nb5 g5 22. Bc7 Qd7 23. Qxa5 Qf5 24. Qe1 Bd7 25. Rxf8+ Bxf8 26. e3 e5 27. f3 Nf6
28. Bxe5 Ne8 29. Qd1 f6 30. Bb8 Qe6 31. Qb3 Bxb5 32. axb5 Qc8 33. Ba7 Qc1+ 34.
Bf1 g4 1-0

[Event "Corsica Masters 2011"]
[Site "Bastia FRA"]
[Date "2011.10.22"]
[Round "1.9"]
[White "Dubois, Martine"]
[Black "Ghaem Maghami, Ehsan"]
[Result "0-1"]
[WhiteTitle "WIM"]
[BlackTitle "GM"]
[WhiteElo "2017"]
[BlackElo "2583"]
[WhiteFideId "601926"]
[BlackFideId "12500739"]
[EventDate "2011.10.22"]

1. e4 c5 2. c3 Nf6 3. e5 Nd5 4. d4 cxd4 5. Nf3 Nc6 6. cxd4 d6 7. Bc4 Nb6 8. Bb3
d5 9. Nh4 e6 10. Nf3 Bd7 11. Nc3 Be7 12. Bc2 Rc8 13. O-O a6 14. Re1 Nc4 15. a3
Qb6 16. b3 N4a5 17. Re3 Qc7 18. Ne2 Nxe5 19. Ne1 Ng6 20. f4 Nc6 21. g3 O-O 22.
h4 f5 23. Bb2 Nh8 24. Rc1 Qb6 25. Nf3 Bf6 26. Kf2 Nf7 27. Ne5 Be8 28. Nf3 Nh6
29. Rxe6 Bf7 30. Rxf6 gxf6 31. Qd3 Rfe8 32. Nc3 Re7 33. Nh2 Qxd4+ 34. Qxd4 Nxd4
35. Nxd5 Re2+ 36. Kg1 Bxd5 0-1

[Event "Corsica Masters 2011"]
[Site "Bastia FRA"]
[Date "2011.10.22"]
[Round "1.10"]
[White "Sulava, Nenad"]
[Black "Luciani, Thibault"]
[Result "1-0"]
[WhiteTitle "GM"]
[WhiteElo "2540"]
[BlackElo "1990"]
[WhiteFideId "14500205"]
[BlackFideId "657441"]
[EventDate "2011.10.22"]

1. d4 d5 2. c4 c6 3. Nc3 Nf6 4. cxd5 cxd5 5. Nf3 Bg4 6. Ne5 Bf5 7. Bf4 e6 8. e4
dxe4 9. g4 Bg6 10. h4 h5 11. g5 Nfd7 12. Nxg6 fxg6 13. Qc2 Bb4 14. Qxe4 O-O 15.
Bc4 Nb6 16. Bxe6+ Kh7 17. O-O Bd6 18. Be3 Nc6 19. f4 Ne7 20. f5 gxf5 21. Bxf5+
Nxf5 22. Rxf5 Rxf5 23. Qxf5+ g6 24. Qf7+ Kh8 25. Ne4 1-0

[Event "Corsica Masters 2011"]
[Site "Bastia FRA"]
[Date "2011.10.23"]
[Round "2.3"]
[White "Mamedov, Rauf"]
[Black "Mamedjarova, Zeinab"]
[Result "1-0"]
[WhiteTitle "GM"]
[BlackTitle "WGM"]
[WhiteElo "2660"]
[BlackElo "2314"]
[WhiteFideId "13401653"]
[BlackFideId "13401521"]
[EventDate "2011.10.22"]

1. g3 g6 2. Bg2 Bg7 3. e4 c5 4. Ne2 Nc6 5. O-O Nf6 6. d4 cxd4 7. Nxd4 O-O 8. Nb3
d6 9. Nc3 Bg4 10. f3 Bd7 11. Be3 Ne5 12. Qe2 Rc8 13. Rad1 Nc4 14. Bc1 b5 15. Kh1
b4 16. Nb1 Qb6 17. Qe1 a5 18. Nd4 Ng4 19. c3 bxc3 20. Nxc3 Bxd4 21. Nd5 Qc5 22.
Nxe7+ Kg7 23. fxg4 Rce8 24. Nd5 Bxg4 25. Rxd4 Qxd4 26. Nf6 Bf5 27. Nxe8+ Rxe8
28. Rf4 d5 29. b3 Nb2 30. Qd2 Qxd2 31. Bxd2 Nd3 32. exf5 Nxf4 33. gxf4 d4 34.
Bf1 a4 35. bxa4 Rb8 36. Bb5 Rc8 37. a3 Rc2 38. Bb4 h5 39. h4 1-0

[Event "Corsica Masters 2011"]
[Site "Bastia FRA"]
[Date "2011.10.23"]
[Round "2.6"]
[White "Grigoryan, Avetik"]
[Black "Weisbuch, Udi"]
[Result "1-0"]
[WhiteTitle "GM"]
[WhiteElo "2614"]
[BlackElo "2304"]
[WhiteFideId "13302191"]
[BlackFideId "2801302"]
[EventDate "2011.10.22"]

1. d4 Nf6 2. c4 g6 3. Nc3 Bg7 4. e4 d6 5. h3 O-O 6. Be3 e5 7. d5 Na6 8. g4 Nc5
9. Qc2 a5 10. Nge2 a4 11. Ng3 c6 12. g5 Nfd7 13. h4 Qa5 14. Be2 a3 15. b3 Na6
16. h5 Re8 17. Kf1 Ndc5 18. Kg2 Bd7 19. Rh4 Bf8 20. Rah1 Re7 21. Bd2 Nb4 22. Qb1
Qb6 23. Nf1 Nca6 24. Be3 Qc7 25. Nh2 Nc5 26. Bg4 Qa5 27. Bxd7 Nxd7 28. Ng4 Bg7
29. hxg6 hxg6 30. R1h3 f6 31. gxf6 Nxf6 32. Bg5 1-0

[Event "Corsica Masters 2011"]
[Site "Bastia FRA"]
[Date "2011.10.23"]
[Round "2.7"]
[White "Inants, Aghasi"]
[Black "Tregubov, Pavel V."]
[Result "1/2-1/2"]
[BlackTitle "GM"]
[WhiteElo "2288"]
[BlackElo "2602"]
[WhiteFideId "13303295"]
[BlackFideId "4115341"]
[EventDate "2011.10.22"]

1. e4 c5 2. Nf3 e6 3. Nc3 a6 4. d4 cxd4 5. Nxd4 Nc6 6. g3 d6 7. Bg2 Bd7 8. O-O
Nf6 9. Re1 Be7 10. Nxc6 Bxc6 11. a4 O-O 12. a5 Nd7 13. Be3 b5 14. axb6 Nxb6 15.
Qe2 a5 16. b3 Bf6 17. Qd3 Nd7 18. Bd4 Nc5 19. Bxc5 dxc5 20. Qxd8 Rfxd8 21. e5
Bxg2 22. Kxg2 Be7 23. Ra4 Rd2 24. Re2 Rxe2 25. Nxe2 Kf8 26. Nf4 Ke8 27. Nd3 Kd7
28. Rf4 Rf8 29. Ra4 Ra8 30. Rf4 Rf8 31. Ra4 Ra8 1/2-1/2

[Event "Corsica Masters 2011"]
[Site "Bastia FRA"]
[Date "2011.10.23"]
[Round "2.8"]
[White "Ghaem Maghami, Ehsan"]
[Black "Berthelot, Yannick"]
[Result "1-0"]
[WhiteTitle "GM"]
[BlackTitle "FM"]
[WhiteElo "2583"]
[BlackElo "2286"]
[WhiteFideId "12500739"]
[BlackFideId "600547"]
[EventDate "2011.10.22"]

1. c4 c5 2. Nf3 Nc6 3. d4 cxd4 4. Nxd4 Qb6 5. e3 Nf6 6. Nc3 g6 7. Be2 Bg7 8. O-O
O-O 9. Nb3 d6 10. e4 Qd8 11. Be3 b6 12. f3 Bb7 13. Qd2 Qd7 14. a4 e6 15. Rfd1
Rfd8 16. a5 Nxa5 17. Nxa5 bxa5 18. Rxa5 Qe7 19. Rxa7 Rxa7 20. Bxa7 Bxe4 21. Bb6
Rb8 22. Be3 Ba8 23. Qxd6 Qxd6 24. Rxd6 Ne8 25. Rd2 Bxc3 26. bxc3 Bc6 27. Ra2 f6
28. Ra6 Rc8 29. Bb6 Ra8 30. Rxa8 Bxa8 31. c5 Bc6 32. Kf2 Kf7 33. Bd8 Ng7 34. Bc4
Nf5 35. g3 Ne7 36. Bxe7 Kxe7 37. f4 Kd7 38. Ke3 Ke7 39. Kd4 Kd7 40. Bd3 Kc7 41.
g4 g5 42. fxg5 e5+ 43. Ke3 fxg5 44. Bxh7 Bd5 45. Be4 Be6 46. Kf3 1-0

[Event "Corsica Masters 2011"]
[Site "Bastia FRA"]
[Date "2011.10.23"]
[Round "2.9"]
[White "Pesotskyi, Vitalii"]
[Black "Sulava, Nenad"]
[Result "1-0"]
[WhiteTitle "IM"]
[BlackTitle "GM"]
[WhiteElo "2268"]
[BlackElo "2540"]
[WhiteFideId "14101157"]
[BlackFideId "14500205"]
[EventDate "2011.10.22"]

1. e4 e5 2. Nf3 Nc6 3. Nc3 Nf6 4. Bb5 Bb4 5. O-O O-O 6. d3 d6 7. Bg5 Ne7 8. Nh4
c6 9. Bc4 d5 10. exd5 cxd5 11. Bb3 Bg4 12. Qc1 Qd6 13. h3 Bd7 14. Nf3 Bxc3 15.
bxc3 h6 16. Bh4 Ng6 17. Bg3 Nh5 18. Bh2 Ngf4 19. Kh1 Qf6 20. Qd1 d4 21. cxd4
exd4 22. Nd2 Qg5 23. Qf3 Bc6 24. Ne4 Qh4 25. Bg3 Bxe4 26. dxe4 Qg5 27. Bh2 Ne6
28. Qg4 Qxg4 29. hxg4 Nf6 30. f3 Nd7 31. Rfd1 Ndc5 32. Bd5 Rac8 33. a4 b6 34.
Be5 Rfd8 35. Bxd4 Kf8 36. Be3 Ke7 37. a5 b5 38. a6 Na4 39. Bb3 Rxd1+ 40. Rxd1
Nec5 41. Rd5 Rc6 42. Bxa4 Nxa4 43. Rxb5 Rxa6 44. Rb7+ Ke6 45. Rxa7 Rxa7 46. Bxa7
Ke5 47. Kg1 1-0

[Event "Corsica Masters 2011"]
[Site "Bastia FRA"]
[Date "2011.10.23"]
[Round "2.10"]
[White "Durarbeyli, Vasif"]
[Black "Mamedjarova, Turkan"]
[Result "1-0"]
[WhiteTitle "GM"]
[BlackTitle "WGM"]
[WhiteElo "2526"]
[BlackElo "2277"]
[WhiteFideId "13402935"]
[BlackFideId "13402005"]
[EventDate "2011.10.22"]

1. d4 Nf6 2. c4 c5 3. d5 e6 4. Nc3 exd5 5. cxd5 d6 6. e4 g6 7. Bf4 a6 8. a4 Bg7
9. Be2 O-O 10. Nf3 Re8 11. Nd2 Qc7 12. Nc4 Bf8 13. Qc2 Nbd7 14. O-O b6 15. h3
Rb8 16. Bh2 Ne5 17. f4 Nxc4 18. Bxc4 Bg7 19. Rae1 Nd7 20. e5 dxe5 21. d6 Qc6 22.
Bd5 Qxd6 23. Bxf7+ 1-0

[Event "Corsica Masters 2011"]
[Site "Bastia FRA"]
[Date "2011.10.24"]
[Round "3.5"]
[White "Melkumyan, Hrant"]
[Black "Debray, Christopher"]
[Result "1-0"]
[WhiteTitle "GM"]
[BlackTitle "FM"]
[WhiteElo "2619"]
[BlackElo "2402"]
[WhiteFideId "13302485"]
[BlackFideId "630810"]
[EventDate "2011.10.22"]

1. d4 d5 2. c4 c6 3. Nc3 Nf6 4. e3 Bf5 5. cxd5 cxd5 6. Qb3 Bc8 7. Nf3 e6 8. Bd3
Nc6 9. O-O Bd6 10. e4 dxe4 11. Nxe4 Be7 12. Bg5 O-O 13. Nxf6+ Bxf6 14. Bxf6 Qxf6
15. Rfd1 Rd8 16. Be4 Nxd4 17. Nxd4 Rxd4 18. Rxd4 Qxd4 19. Rd1 Qf6 20. Qc3 Qe7
21. Qa5 f5 22. Rd8+ Kf7 23. Bf3 Rb8 24. h4 b6 25. Qd2 h6 26. Rh8 Kf6 27. g4 Qc7
28. g5+ hxg5 29. Qxg5+ Ke5 30. Qg3+ f4 31. Qg5+ Kd6 32. Rd8+ Bd7 33. Qxf4+ e5
34. Qf8+ 1-0

[Event "Corsica Masters 2011"]
[Site "Bastia FRA"]
[Date "2011.10.24"]
[Round "3.6"]
[White "Bedouin, Xavier"]
[Black "Grigoryan, Avetik"]
[Result "0-1"]
[WhiteTitle "IM"]
[BlackTitle "GM"]
[WhiteElo "2406"]
[BlackElo "2614"]
[WhiteFideId "617040"]
[BlackFideId "13302191"]
[EventDate "2011.10.22"]

1. e4 c6 2. d4 d5 3. Nc3 dxe4 4. Nxe4 Nd7 5. Ng5 Ngf6 6. Bd3 e6 7. N1f3 Bd6 8.
Qe2 h6 9. Ne4 Nxe4 10. Qxe4 Qc7 11. O-O c5 12. Re1 Nf6 13. Qh4 b6 14. Ne5 Bb7
15. Bg5 Rg8 16. Bb5+ Ke7 17. Ng6+ fxg6 18. Rxe6+ Kxe6 19. Bc4+ Bd5 20. Bxd5+
Nxd5 0-1

[Event "Corsica Masters 2011"]
[Site "Bastia FRA"]
[Date "2011.10.24"]
[Round "3.7"]
[White "Baghdasaryan, Vahe"]
[Black "Ghaem Maghami, Ehsan"]
[Result "1/2-1/2"]
[BlackTitle "GM"]
[WhiteElo "2362"]
[BlackElo "2583"]
[WhiteFideId "13303139"]
[BlackFideId "12500739"]
[EventDate "2011.10.22"]

1. e4 e5 2. Nf3 Nc6 3. Bb5 a6 4. Ba4 Nf6 5. O-O Be7 6. Re1 b5 7. Bb3 d6 8. c3
O-O 9. d4 Bb7 10. Nbd2 h6 11. Nf1 Re8 12. Ng3 Bf8 13. a3 Na5 14. Bc2 g6 15. b4
Nc4 16. Nd2 Nxd2 17. Bxd2 Bg7 18. dxe5 Rxe5 19. Be3 Re8 20. Bd4 h5 21. e5 dxe5
22. Bxe5 h4 23. Nf1 h3 24. Qxd8 Raxd8 25. gxh3 Rxe5 26. Rxe5 Nd5 27. Rae1 Nxc3
28. f3 Bxe5 29. Rxe5 Bxf3 30. Re3 Ne2+ 31. Kf2 Nd4 32. Rxf3 Nxc2 33. Rc3 Nd4 34.
Rxc7 a5 35. Ne3 axb4 36. axb4 Ra8 37. Rd7 Ra2+ 38. Kg3 Ra3 39. Kf2 Nc6 40. Rb7
Nxb4 41. Rxb5 Nd3+ 42. Kf3 Ra4 43. Ng4 Nf4 44. Rb7 Nxh3 45. Nh6+ Kg7 46. Nxf7
Rf4+ 47. Kg3 Rxf7 48. Rxf7+ Kxf7 49. Kxh3 Kf6 50. Kg4 g5 51. h4 gxh4 52. Kxh4 1/2-1/2

[Event "Corsica Masters 2011"]
[Site "Bastia FRA"]
[Date "2011.10.24"]
[Round "3.8"]
[White "Shachar, Ehud"]
[Black "Durarbeyli, Vasif"]
[Result "1/2-1/2"]
[WhiteTitle "FM"]
[BlackTitle "GM"]
[WhiteElo "2355"]
[BlackElo "2526"]
[WhiteFideId "2802198"]
[BlackFideId "13402935"]
[EventDate "2011.10.22"]

1. e4 c5 2. Nf3 Nc6 3. Bb5 e6 4. Bxc6 bxc6 5. d3 Ne7 6. h4 d6 7. h5 Ng8 8. e5
dxe5 9. Nxe5 Qd5 10. Nf3 Nf6 11. Nc3 Qf5 12. Be3 Rb8 13. Rb1 h6 14. Nd2 Nd5 15.
Nce4 Nxe3 16. fxe3 Be7 17. Qf3 O-O 18. Nc4 Qd5 19. Nc3 Qg5 20. Ne4 Qd5 21. Nc3
Qg5 22. Ne4 1/2-1/2

[Event "Corsica Masters 2011"]
[Site "Bastia FRA"]
[Date "2011.10.24"]
[Round "3.9"]
[White "Arnold, Marc T"]
[Black "Dimitrov, Pavel"]
[Result "1-0"]
[WhiteTitle "IM"]
[BlackTitle "IM"]
[WhiteElo "2505"]
[BlackElo "2353"]
[WhiteFideId "2022320"]
[BlackFideId "2907470"]
[EventDate "2011.10.22"]

1. c4 e5 2. Nc3 Nf6 3. Nf3 Nc6 4. d3 d5 5. cxd5 Nxd5 6. e4 Nf4 7. Bxf4 exf4 8.
d4 Bg4 9. Bb5 Bb4 10. d5 a6 11. Bxc6+ bxc6 12. Qd4 Qe7 13. Qxg7 Qxe4+ 14. Kf1
Bxc3 15. bxc3 Bxf3 16. Re1 O-O-O 17. Rxe4 Bxe4 18. f3 Bxd5 19. Kf2 Be6 20. Re1
Rhe8 21. Qe5 Rd3 22. Re2 Red8 23. h4 R8d5 24. Qh8+ Kd7 25. Qxh7 Rxc3 26. Qe4
Rcd3 27. Qxf4 R3d4 28. Qf6 c5 29. g4 Rd6 30. h5 Kc6 31. Qe5 R6d5 32. Qe3 Rd3 33.
Qe4 Rd4 34. Qc2 Rd6 35. Qc1 Bd5 36. Rd2 Ra4 37. h6 Rb4 38. h7 Rb8 39. Qc3 f6 40.
Kg3 Rh8 41. Rh2 Bf7 42. Rh6 Bxa2 43. Rxf6 Rxh7 44. Rxd6+ cxd6 45. Qc2 Bg8 46.
Qg6 Rd7 47. Qxg8 d5 48. g5 d4 49. Kf2 d3 50. Qc8+ Kd6 51. g6 Re7 52. Qxa6+ Ke5
53. g7 d2 54. Qa1+ 1-0

[Event "Corsica Masters 2011"]
[Site "Bastia FRA"]
[Date "2011.10.24"]
[Round "4.5"]
[White "Mamedov, Rauf"]
[Black "Mullon, Jean-Baptiste"]
[Result "1-0"]
[WhiteTitle "GM"]
[BlackTitle "IM"]
[WhiteElo "2660"]
[BlackElo "2379"]
[WhiteFideId "13401653"]
[BlackFideId "613606"]
[EventDate "2011.10.22"]

1. g3 d5 2. Bg2 c6 3. d3 Nf6 4. Nd2 e5 5. e4 dxe4 6. dxe4 Bc5 7. Ngf3 Qe7 8. O-O
O-O 9. Qe2 Re8 10. b3 Bg4 11. h3 Bxf3 12. Nxf3 Ba3 13. Bg5 Nbd7 14. Rad1 Nf8 15.
Nh4 Qe6 16. Nf5 N6d7 17. h4 f6 18. Bh6 Re7 19. Qg4 g6 20. Nxe7+ Qxe7 21. Bh3 1-0

[Event "Corsica Masters 2011"]
[Site "Bastia FRA"]
[Date "2011.10.24"]
[Round "4.6"]
[White "Inants, Aghasi"]
[Black "Cheparinov, Ivan"]
[Result "0-1"]
[BlackTitle "GM"]
[WhiteElo "2288"]
[BlackElo "2650"]
[WhiteFideId "13303295"]
[BlackFideId "2905540"]
[EventDate "2011.10.22"]

1. e4 c5 2. Nf3 d6 3. d4 Nf6 4. Nc3 cxd4 5. Nxd4 a6 6. Be3 e5 7. Nb3 Be6 8. Qd2
Nbd7 9. O-O-O Be7 10. f3 h5 11. Kb1 Qc7 12. f4 Rc8 13. f5 Bc4 14. Bxc4 Qxc4 15.
Qd3 b5 16. Qxc4 Rxc4 17. Nd2 Rc8 18. Rhe1 b4 19. Na4 O-O 20. Bg5 Rc6 21. Nf1
Rfc8 22. Re2 Bf8 23. Rd3 a5 24. Rd1 Rb8 25. Rd3 Rb5 26. Kc1 Nh7 27. Bh4 Nhf6 28.
Bg5 Be7 29. Ne3 Kf8 30. c4 bxc3 31. Rxc3 Rxc3+ 32. Nxc3 Rb4 33. Kc2 Rd4 34. b3
Nc5 35. Bxf6 Bxf6 36. Nc4 a4 37. Rd2 axb3+ 38. axb3 Bg5 39. Re2 Ke7 40. Nb6 Kd8
41. Nbd5 Kd7 42. Nb6+ Kc6 43. Nc4 Nd3 44. Nd5 Kc5 45. Kc3 Rxd5 46. exd5 Nb4 47.
Nd2 Nxd5+ 48. Kc2 Nb4+ 49. Kc3 Nd5+ 50. Kc2 Be7 51. g3 f6 52. Kd3 Nb4+ 53. Ke3
d5 54. Nf3 Kb5 55. Kd2 Nc6 56. Kc3 Bb4+ 57. Kb2 e4 58. Nh4 Nd4 59. Re3 Bd2 60.
Ng2 Bxe3 61. Nxe3 Kc6 0-1

[Event "Corsica Masters 2011"]
[Site "Bastia FRA"]
[Date "2011.10.24"]
[Round "4.7"]
[White "Flear, Glenn C"]
[Black "Tregubov, Pavel V."]
[Result "0-1"]
[WhiteTitle "GM"]
[BlackTitle "GM"]
[WhiteElo "2471"]
[BlackElo "2602"]
[WhiteFideId "400165"]
[BlackFideId "4115341"]
[EventDate "2011.10.22"]

1. d4 d5 2. c4 e6 3. Nc3 c6 4. e3 Bd6 5. Bd3 f5 6. g4 Nf6 7. gxf5 exf5 8. cxd5
cxd5 9. Qb3 Nc6 10. Bd2 Qe7 11. Nf3 Be6 12. Ng5 O-O 13. O-O-O Rac8 14. Kb1 Nb4
15. Be2 Bd7 16. a3 h6 17. h4 hxg5 18. hxg5 Ne4 19. axb4 Nxd2+ 20. Rxd2 Rxc3 21.
Qxd5+ Be6 22. Qg2 Bxb4 23. d5 Rd8 24. Rd4 Bc5 25. Rdh4 Bxd5 26. Bf3 Rd3 27.
Bxd5+ R3xd5 28. Qf3 Qxg5 29. e4 Rd3 30. Qe2 Be7 31. Rh8+ Kf7 32. R8h5 Qg6 33.
Rxf5+ Kg8 34. Rfh5 R8d4 35. f3 Qd6 36. Rh8+ Kf7 37. e5 Qg6 38. e6+ Qxe6 39. Qh2
Qf5 0-1

[Event "Corsica Masters 2011"]
[Site "Bastia FRA"]
[Date "2011.10.24"]
[Round "4.11"]
[White "Egozi, Nadav"]
[Black "Sulava, Nenad"]
[Result "0-1"]
[BlackTitle "GM"]
[WhiteElo "2173"]
[BlackElo "2540"]
[WhiteFideId "2801850"]
[BlackFideId "14500205"]
[EventDate "2011.10.22"]

1. d4 e6 2. c4 Bb4+ 3. Nd2 b6 4. Nf3 Bb7 5. e3 Nf6 6. Bd3 O-O 7. O-O d5 8. a3
Bxd2 9. Nxd2 Nbd7 10. cxd5 Nxd5 11. Qc2 f5 12. Nc4 Qf6 13. b3 Kh8 14. Be2 Qh4
15. Nd2 c5 16. Nf3 Qe7 17. Bb2 Rac8 18. Qd2 N7f6 19. Rfc1 Ne4 20. Qe1 Qf6 21.
Ne5 Qh6 22. Bd3 Kg8 23. Bxe4 fxe4 24. dxc5 bxc5 25. Nd7 Rf5 26. Nxc5 Ba8 27.
Nxe4 Rcf8 28. Bd4 Qg6 29. Ng3 Rxf2 30. e4 R2f4 31. Be5 Rf2 32. Bd6 Rb2 33. Bxf8
Nf4 34. Rc8 Bb7 35. Rb8 Rxg2+ 36. Kh1 Qh6 37. Bc5+ Kf7 38. Rxb7+ Kg6 39. Nf1 Qh3
40. Ra2 Qf3 41. Ne3 Rg1+ 42. Kxg1 Nh3# 0-1

[Event "Corsica Masters 2011"]
[Site "Bastia FRA"]
[Date "2011.10.25"]
[Round "5.3"]
[White "Arnold, Marc T"]
[Black "Mamedov, Rauf"]
[Result "1/2-1/2"]
[WhiteTitle "IM"]
[BlackTitle "GM"]
[WhiteElo "2505"]
[BlackElo "2660"]
[WhiteFideId "2022320"]
[BlackFideId "13401653"]
[EventDate "2011.10.22"]

1. d4 g6 2. Nf3 Bg7 3. c4 d6 4. Nc3 Nf6 5. e4 O-O 6. Be2 c5 7. O-O cxd4 8. Nxd4
Nc6 9. Be3 Bd7 10. Rc1 Nxd4 11. Bxd4 Bc6 12. f3 a5 13. b3 Nd7 14. Bxg7 Kxg7 15.
Qd4+ Kg8 16. Rfd1 Rc8 17. a3 Qb6 18. Qxb6 Nxb6 19. b4 Na4 20. Nxa4 Bxa4 21. Rd5
axb4 22. axb4 Bd7 1/2-1/2

[Event "Corsica Masters 2011"]
[Site "Bastia FRA"]
[Date "2011.10.25"]
[Round "5.4"]
[White "Cheparinov, Ivan"]
[Black "Shachar, Ehud"]
[Result "1-0"]
[WhiteTitle "GM"]
[BlackTitle "FM"]
[WhiteElo "2650"]
[BlackElo "2355"]
[WhiteFideId "2905540"]
[BlackFideId "2802198"]
[EventDate "2011.10.22"]

1. d4 e6 2. c4 f5 3. Nc3 Nf6 4. e3 Bb4 5. Qc2 O-O 6. Bd3 b6 7. Ne2 Bb7 8. f3 a5
9. O-O Nc6 10. a3 Bd6 11. Bd2 Rc8 12. Rae1 Qe8 13. Nb5 Be7 14. Bc3 Kh8 15. b3
Nd8 16. Bb2 Nf7 17. Ng3 Ng5 18. e4 fxe4 19. fxe4 Nh5 20. Rxf8+ Bxf8 21. Qf2 Qg6
22. Re3 e5 23. h4 Ne6 24. Nf5 Nef4 25. Bc2 c6 26. Nc3 Re8 27. Rf3 d6 28. d5 c5
29. Kh1 Nf6 30. g3 Ng4 31. Qf1 Nh5 32. Nb5 Bc8 33. Nc7 Rd8 34. Bc1 Bd7 35. Bg5
Nhf6 36. Qe2 Rc8 37. Nb5 Bxb5 38. cxb5 h6 39. Bd2 Kh7 40. Rf1 Nh5 41. Kg2 Nhf6
42. Bd1 Kg8 43. Qd3 Ra8 44. Bf3 Ra7 45. Qe2 h5 46. Qd3 Rf7 47. Bg5 Ra7 48. a4
Rf7 49. Qd1 Ra7 50. Qe2 Rf7 51. Qd3 Ra7 52. Bxf6 Nxf6 53. Ne3 Rf7 54. Nc4 Rb7
55. Qe2 Be7 56. Kh3 Bf8 57. g4 hxg4+ 58. Bxg4 Be7 59. Bf5 Qh6 60. Qe3 Qh5 61.
Qf3 Qh6 62. Qe3 Qh5 63. Rg1 Nh7 64. Rg4 Nf8 65. Qg3 Qh6 66. Ne3 Bf6 67. Nc4 Be7
68. Qf3 Kh8 69. Kg2 Rb8 70. Qg3 Rb7 71. Kh2 Rb8 72. Kh3 Rb7 73. Qf2 Rb8 74. Rg1
Rb7 75. Rg4 Rb8 76. Kg2 Rb7 77. Qf3 Rb8 78. Rg3 Rb7 79. h5 Rb8 80. Bg6 Nh7 81.
Bxh7 Qxh7 82. Ne3 Bf8 83. Rg6 Rd8 84. Qf5 Be7 85. Qf7 Bf6 86. Ng4 1-0